| 000 | 00641nam a22002177a 4500 | ||
|---|---|---|---|
| 999 |
_c5536 _d5536 |
||
| 003 | OSt | ||
| 005 | 20230207145903.0 | ||
| 008 | 170213b xxu||||| |||| 00| 0 eng d | ||
| 020 | _a0340813989 | ||
| 040 | _c040a | ||
| 082 | _aWS113 M473a 2004 | ||
| 100 |
_aMeggitt, Carolyn; Walker, Jessica _911545 |
||
| 245 | _aAn Introduction to Child Care and Education | ||
| 250 | _a2nd.ed. | ||
| 260 |
_aDubai _bHodder andStoughton _c2004 |
||
| 300 |
_av, 391p; _bcol.ill : _c22 cm. |
||
| 504 | _aIncludes bibliographical references and index | ||
| 650 |
_aChild education _98841 |
||
| 650 |
_aEarly child development _911546 |
||
| 942 |
_2z _cO_SHELF |
||